Formácia dobrého človeka (tretí seminár riešiteľov projektu VEGA 1/00113/03)

Bibliographic Details
Format: Book
Language:Slovak
English
PhysicalDescription:110 s. grafy, tab. 21 cm
Published: Nitra Univerzita Konštantína Filozofa 2006
ISBN:8080509484 (brož.)
Edition:[1. vyd.]
Subjects:

MARC

LEADER 00000nam a2200000 a 4500
001 vtls008853513
003 SK-MaSNL
005 20260301205728.0
008 160610s2006 xo dl f 100 0 slo
015 |a SNBA2006/11-05465 
020 |a 8080509484 (brož.) 
035 |a CC13A065-1524-4FCC-8D00-CD2446EF5989 
035 |a urn:nbn:sk:snk-aml0tb 
035 |a urn:nbn:sk:snk-am008nyb 
040 |a SNK  |b slo  |c SNK  |e AACR2 
041 0 |a slo  |a eng  |b eng 
044 |a xo  |c SK 
072 7 |a 159.92  |x Vývinová psychológia. Psychológia osobnosti  |2 konspekt 
080 |a 159.923.5  |2 2001 
080 |a 17.024.1  |2 2001 
080 |a 111.84  |2 2001 
080 |a 2-423.7  |2 2001 
080 |a 371.214  |2 2001 
080 |a (063)  |2 2001 
080 |a 159.923  |2 2001 
245 0 0 |a Formácia dobrého človeka  |b (tretí seminár riešiteľov projektu VEGA 1/00113/03)  |c vedúci projektu [a výkonný redaktor]: Jozef Michalov 
250 |a [1. vyd.] 
260 |a Nitra  |b Univerzita Konštantína Filozofa  |c 2006 
300 |a 110 s.  |b grafy, tab.  |c 21 cm 
366 |e 250 výtl. 
500 |a Súbež. úvod angl. 
504 |a Bibliogr. odkazy 
546 |a Res. angl. 
650 0 7 |a osobnosť  |2 SNKPH  |9 4341 
650 0 7 |a sebavýchova  |2 SNKPH  |9 4290 
650 0 7 |a svedomie  |2 SNKPH  |9 13868 
650 0 7 |a dobro  |2 SNKPH  |9 20601 
650 0 7 |a vzdelávacie programy  |2 SNKPH  |9 4069 
655 7 |a zborníky konferencií  |2 SNKPH  |9 70153 
700 1 |a Michalov, Jozef,  |d 1933-2018  |4 red  |9 173860 
919 |a 80-8050-948-4 
958 |a OND 
999 |c 911239  |d 913169 
952 |a SNK  |b SNK  |y PREZ  |7 0  |p 17A0503880  |o snkSC 125075  |i snk2006/20310  |8 0  |0 0  |1 0  |4 0  |d 2006-10-10  |f 1  |l 0  |r 2025-06-09 00:00:00  |w 2026-02-24 
952 |a SNK  |b SNK  |y VYP  |7 0  |p 17A0503879  |o snkSC 125075 D1  |i snk2006/20312  |8 0  |0 0  |1 0  |4 0  |d 2006-10-10  |l 0  |r 2026-02-24 07:43:36  |w 2026-02-24